Elder Scrolls Oblivion - Daedra Prinzen - Statistiken

Allgemein
  • Dieses Quiz wurde 11 mal gespielt
  • Das Durchschnittsergebnis liegt bei 8 aus 15
Antwortstatistiken
Hint Antwort % Korrekt
Azura __'s Stern
100%
Molag Bal Streitkolben von __
78%
Sheogorath Wabbajack
78%
Hermaeus Mora Oghma Infinium
67%
Nocturnal Skelettschlüssel
67%
Hircine Haut des Retters
56%
Namira Ring von Namira
56%
Sanguine __ Rose
56%
Clavicus Vile Umbra / Maske von __
56%
Peryite Zauberbrecher
44%
Malacath Volendrung
33%
Boethia Goldbrand
22%
Vaermina Schädel der Korruption
22%
Mephala Ebenholzklinge
11%
Meridia Ring der Khajiti
11%
Keine übereinstimmenden Quizze gefunden
Verteilung der Resultate
Anzahl Personen mit jedem Resultat
Perzentil nach korrekt beantworteten Fragen
Ihre Resultats-Entwicklung
Sie haben dieses Quiz noch nicht gespielt